دور تكنولوجيا المعلومات وفق نموذج قبول التكنولوجيا في تحسين اداء العاملين في بلديات اقليم الشمال في الاردن=The Role of information Technology According to the Technology Acceptance Model in Improving the Performance of Staffs in the Municipalities of the Northern Region in Jordan / (Record no. 30426)
[ view plain ]
| 000 -LEADER | |
|---|---|
| fixed length control field | 01534nam a2200253Ii 4500 |
| 003 - CONTROL NUMBER IDENTIFIER | |
| control field | JO-AjNU |
| 005 - DATE AND TIME OF LATEST TRANSACTION | |
| control field | 20240626134539.0 |
| 008 - FIXED-LENGTH DATA ELEMENTS--GENERAL INFORMATION | |
| fixed length control field | 230605s9999||||xx |||||||||||||| ||und|| |
| 040 ## - CATALOGING SOURCE | |
| Original cataloging agency | JO-AjNU |
| Language of cataloging | ara |
| Description conventions | rda |
| Transcribing agency | JO-AjNU |
| 041 ## - LANGUAGE CODE | |
| Language code of text/sound track or separate title | ara |
| 050 14 - LIBRARY OF CONGRESS CALL NUMBER | |
| Classification number | JS7501.3.2020 |
| 100 #1 - MAIN ENTRY--PERSONAL NAME | |
| Personal name | الطعاني، قصي فوزي حسن |
| Relator term | معد |
| 9 (RLIN) | 65706 |
| 245 #0 - TITLE STATEMENT | |
| Title | دور تكنولوجيا المعلومات وفق نموذج قبول التكنولوجيا في تحسين اداء العاملين في بلديات اقليم الشمال في الاردن=The Role of information Technology According to the Technology Acceptance Model in Improving the Performance of Staffs in the Municipalities of the Northern Region in Jordan / |
| Statement of responsibility, etc. | اعداد قصي فوزي حسن الطعاني؛ اشراف علي فلاح الزعبي، خالد محمد الذيابات |
| 264 31 - PRODUCTION, PUBLICATION, DISTRIBUTION, MANUFACTURE, AND COPYRIGHT NOTICE | |
| Place of production, publication, distribution, manufacture | 2020 |
| 300 ## - PHYSICAL DESCRIPTION | |
| Extent | 138 ورقة |
| 336 ## - CONTENT TYPE | |
| Content type term | text |
| Content type code | txt |
| Source | rdacontent |
| 337 ## - MEDIA TYPE | |
| Media type term | unmediated |
| Media type code | n |
| Source | rdamedia |
| 338 ## - CARRIER TYPE | |
| Carrier type term | volume |
| Carrier type code | nc |
| Source | rdacarrier |
| 500 ## - GENERAL NOTE | |
| General note | رسالة جامعية(اطروحة ماجستير) جامعة عجلون الوطنية ،كلية ادارة الاعمال،ادارة اعمال 2020، يحتوي على قائمة مراجع من ص123-128ص ويحتوي على ملاحق من ص 129-138ص |
| 650 #4 - SUBJECT ADDED ENTRY--TOPICAL TERM | |
| Topical term or geographic name entry element | الادارة المحلية- الاردن |
| 9 (RLIN) | 59660 |
| 700 #1 - ADDED ENTRY--PERSONAL NAME | |
| Personal name | الزعبي، علي فلاح |
| 9 (RLIN) | 28684 |
| Relator term | مشرف رئيسي |
| 700 #1 - ADDED ENTRY--PERSONAL NAME | |
| Personal name | الذيابات، خالد محمد |
| 9 (RLIN) | 65563 |
| Relator term | مشرف مشارك |
| 942 ## - ADDED ENTRY ELEMENTS (KOHA) | |
| Source of classification or shelving scheme | Library of Congress Classification |
| Koha item type | Thesis |
| Withdrawn status | Lost status | Source of classification or shelving scheme | Damaged status | Not for loan | Home library | Current library | Shelving location | Date acquired | Total Checkouts | Full call number | Barcode | Date last seen | Price effective from | Koha item type |
|---|---|---|---|---|---|---|---|---|---|---|---|---|---|---|
| Library of Congress Classification | مكتبة جامعة عجلون الوطنية | مكتبة جامعة عجلون الوطنية | المراجع | 06/06/2023 | JS7501.3.2020 | A26858 | 06/06/2023 | 06/06/2023 | Thesis | |||||
| Library of Congress Classification | مكتبة جامعة عجلون الوطنية | مكتبة جامعة عجلون الوطنية | 26/06/2024 | JS7501.3.2020 | a26857 | 26/06/2024 | 26/06/2024 | Thesis |